1743 1350 1654 1650 1127 1700 1853 1109 1830 1263 1314 1000 1894 1115 1267 1600 1925 1075 1008 1947 1967 1530 1838 1666 1138 1405 1159 1377 1652 1676 1042 1929 1225 1544 1730 1370 1136 1516 1540 1641 1109 1130 1453 1323 2000 1023 1275 1007 1958 1735 1042 1382 1004 1152 1079 1222 1841 1459 1860 1398 1781 1901 1374 1556 1461 1018 1394 1682 1299 1944 1629 1568 1518 1763 1808 1237 1583 1643 1047 1289 1488 1011 1708 1282 1528 1385 1392 1626 1980 1288 1550 1374 1664 1089 1215 1219 1686 1587 1924 BCNSPRNW ULIB Ver.6.0+V

เปลี่ยนเป็นภาษาไทย

Change to English
 แสดงรายละเอียดบรรณานุกรม
  กลับหน้าหลัก

Brief Record : Get Marc (ISO 2709) : E-mail record : QR code < ปิดหน้าต่าง
LEADER : 00000nam 2200000uu 4500
001    13399121587
003     ULIB
008    110627s2553||||th 000 0 tha d
020    9786165000543
090    นว.^bอ998ค
100 0  ไอศิยา
245 00 คลื่นรีักทะเลปรวน/^cไอศิยา
250    พิมพ์ครั้งที่ 1
260    กรุงเทพฯ :^bพิมพ์คำ,^c2553
300    334 หน้า
710 1  พิมพ์คำ
945    ^p220^l0^i028014
995    ทศพร
999 ^a ใช้งานได้ทุกระบบ
รายการนี้ยังไม่มีแท็ก
คุณยังไม่ได้ล็อกอิน คุณสามารถมีกิจกรรมร่วมกับเว็บไซต์ได้ แต่ต้องล็อกอินก่อน ::
  ล็อกอิน

รายการสื่อสารสนเทศ

ลำดับที่ ประเภท เลขเรียก/บาร์โค้ด สถานที่ สถานะ
1. นวนิยาย
นวนิยาย
นว. อ998ค ฉ.1 
  Barcode: 028014
ห้องสมุดวิทยาเขตสวรรค์ประชารักษ์
►นวนิยาย
บนชั้น
  ขอยืม

รายการใกล้เคียง
    ผู้แต่ง [ไอศิยา]

BibComment


ยังไม่เคยถูกคอมเมนท์

คอมเมนท์ทรัพยากรรายการนี้
  คอมเมนท์: คลื่นรีักทะเลปรวน..


 Copyright 2026. Bcnsprnw @Library